Il existe au moins 2 ... - Mort subite - Statistiques

Statistiques générales
  • Ce quiz a été pris 848 fois
    412 depuis la dernière actualisation
  • Le résultat moyen est 3 sur 21
Answers on the Grid
Answers color-coded by a green-red scale on the quiz's grid according to % correct below.
...protons dans un atome d'hélium
...pays limitrophes du Chili
...bases azotées
...nombres premiers entre 1 et 10
...pays commençant par la lettre Z
...oreillettes dans le coeur
...planètes joviennes dans le système solaire
...membres permanents du Conseil de sécurité des Nations unies
...mètres en 7 pieds
...étoiles dans le drapeau de la Nouvelle-Zélande
...océans sur la Terre
...membres vivants des Beatles
...équipes ayant remporté la Ligue Conférence de l'UEFA
...pays comptant plus d'îles que le Canada
...mois commençant par la lettre A
...équipes nationales ayant remporté au moins 4 Coupes du Monde de football
...évangiles dans la Bible
...footballeurs ayant remporté au moins 5 Ballons d'Or
...diagonales dans un carré
...couleurs primaires
...pays qui ont accueilli les Jeux olympiques d'été au moins 3 fois
...animaux qui tuent chaque année plus d'êtres humains que les moustiques
...îles plus peuplées que Java
...foies dans le corps humain
...entraîneurs anglais qui ont remporté la Premier League
...pays plus au sud que le Chili
...semaines en 1 million de secondes
...pays limitrophes d'Haït
...montagnes en Danemark
...jours de la semaine se terminant par la lettre E
...chromosomes Y dans une cellule humaine d'un homme
...pays de l'OTAN en Asie
...footballeurs africains qui ont remporté le Ballon d'Or
...kg en 4 livres
...pilotes de Formule 1 ayant remporté au moins 100 victoires
...équipes françaises ayant remporté la Ligue des champions de l'UEFA
...lacs plus grands que la superficie du Royaume-Uni
...éléments ayant un point de fusion supérieur à 4 000 °C
...aigles qui figurent sur le drapeau albanais
...capitales en Pérou
...gratte-ciel de plus de 1 000 mètres de haut
...étoiles dans notre système solaire
 
Statistiques - réponses
Réponse % Correct
...océans sur la Terre
34%
...couleurs primaires
30%
...mois commençant par la lettre A
28%
...diagonales dans un carré
26%
...pays commençant par la lettre Z
26%
...footballeurs ayant remporté au moins 5 Ballons d'Or
21%
...nombres premiers entre 1 et 10
21%
...pays limitrophes du Chili
20%
...évangiles dans la Bible
18%
...membres vivants des Beatles
16%
...oreillettes dans le coeur
15%
...étoiles dans le drapeau de la Nouvelle-Zélande
12%
...membres permanents du Conseil de sécurité des Nations unies
12%
...équipes nationales ayant remporté au moins 4 Coupes du Monde de football
11%
...équipes ayant remporté la Ligue Conférence de l'UEFA
10%
...pays qui ont accueilli les Jeux olympiques d'été au moins 3 fois
9%
...bases azotées
8%
...pays comptant plus d'îles que le Canada
8%
...mètres en 7 pieds
7%
...protons dans un atome d'hélium
7%
...planètes joviennes dans le système solaire
2%
Aucun quiz correspondant
Distribution des résultats
% des personnes avec chaque résultat
Percentile par nombre de réponses
Votre historique - résultats
Vous n’avez pas pris ce quiz depuis la dernière actualisation